|
|
|
|
| LEADER |
00757nam a2200169 a 4500 |
| 005 |
20151028161945.0 |
| 008 |
960221s1955 dcuabcdjdbkoqu001 0deng d |
| 003 |
ViArRB |
| 082 |
|
|
|a 550
|b N2
|
| 100 |
|
|
|a Emiliani, Cesare
|9 16971
|
| 245 |
|
|
|a Planet earth
|b :Cosmology, geology and the evolution of life and environment
|
| 653 |
|
|
|a Matter and energy
|a Cosmology
|a Prolegomena science and religion
|
| 942 |
|
|
|c BK
|6 _
|
| 260 |
|
|
|b Cambridge University Press
|c 1992
|a New York
|
| 999 |
|
|
|c 72400
|d 72400
|
| 952 |
|
|
|0 0
|1 0
|2 ddc
|4 0
|6 550_N2
|7 0
|9 84298
|a SOS
|b SOS
|c CART
|d 2010-01-28
|l 12
|m 6
|o 550 N2
|p MS010353
|r 2015-09-22
|s 2015-07-29
|w 2009-07-13
|y BK
|
| 952 |
|
|
|0 0
|1 0
|2 ddc
|4 0
|6 550_N21
|7 0
|9 84299
|a SOS
|b SOS
|c CART
|d 2009-08-10
|l 12
|m 7
|o 550 N2;1
|p MS010354
|r 2015-10-06
|s 2015-07-15
|w 2009-08-10
|y BK
|